| 000 | 00494nam a2200205Ia 4500 | ||
|---|---|---|---|
| 999 |
_c925 _d925 |
||
| 003 | 0100 | ||
| 008 | 130227s9999 xx 000 0 und d | ||
| 040 | _cARRUPELIB | ||
| 050 | _aGN861.B37 2008 | ||
| 100 |
_aBarham, Lawrence _938247 |
||
| 245 | 4 | _aThe first Africans | |
| 260 |
_aCambridge: _bCambridge University Press, _c2008 |
||
| 300 | _axvii | ||
| 300 | _b 601p. 23cm. | ||
| 650 |
_aAntiquities, prehistory _zAfrica _938248 |
||
| 942 |
_2lcc _cMONOGRAPH |
||